<?xml version="1.0" encoding="UTF-8"?>
<marc:record xmlns:marc="http://www.loc.gov/MARC21/slim">
   <marc:leader>00000nam a2200000 a 4500</marc:leader>
   <marc:datafield ind1="1" ind2=" " tag="100">
      <marc:subfield code="a">Grimm, Brüder</marc:subfield>
      <marc:subfield code="4">aut</marc:subfield>
      <marc:subfield code="e">Verfasser/-in</marc:subfield>
   </marc:datafield>
   <marc:datafield ind1="1" ind2=" " tag="100">
      <marc:subfield code="a">Petzold, Bert Alexander</marc:subfield>
      <marc:subfield code="4">drt</marc:subfield>
      <marc:subfield code="e">Regisseur/-in</marc:subfield>
   </marc:datafield>
   <marc:datafield ind1="1" ind2=" " tag="100">
      <marc:subfield code="a">Petzold, Bert Alexander</marc:subfield>
      <marc:subfield code="4">edt</marc:subfield>
      <marc:subfield code="e">Bearbeiter/-in</marc:subfield>
   </marc:datafield>
   <marc:datafield ind1="1" ind2=" " tag="100">
      <marc:subfield code="a">Frier, Annette</marc:subfield>
      <marc:subfield code="4">stl</marc:subfield>
      <marc:subfield code="e">Erzähler/-in</marc:subfield>
   </marc:datafield>
   <marc:datafield ind1="1" ind2=" " tag="100">
      <marc:subfield code="a">Kulot, Daniela</marc:subfield>
      <marc:subfield code="4">ill</marc:subfield>
      <marc:subfield code="e">Illustrator/-in</marc:subfield>
   </marc:datafield>
   <marc:datafield ind1=" " ind2=" " tag="653">
      <marc:subfield code="a">Annette Frier</marc:subfield>
   </marc:datafield>
   <marc:datafield ind1=" " ind2=" " tag="653">
      <marc:subfield code="a">Brüder Grimm</marc:subfield>
   </marc:datafield>
   <marc:datafield ind1=" " ind2=" " tag="653">
      <marc:subfield code="a">Das tapfere Schneiderlein</marc:subfield>
   </marc:datafield>
   <marc:datafield ind1=" " ind2=" " tag="653">
      <marc:subfield code="a">Kind</marc:subfield>
   </marc:datafield>
   <marc:datafield ind1=" " ind2=" " tag="653">
      <marc:subfield code="a">Kulot</marc:subfield>
   </marc:datafield>
   <marc:datafield ind1=" " ind2=" " tag="653">
      <marc:subfield code="a">Daniela</marc:subfield>
   </marc:datafield>
   <marc:datafield ind1=" " ind2=" " tag="653">
      <marc:subfield code="a">Märchen</marc:subfield>
   </marc:datafield>
   <marc:datafield ind1=" " ind2=" " tag="653">
      <marc:subfield code="a">Kassette / Kinder- und Jugendbücher/Kinderbücher bis 11 Jahre</marc:subfield>
   </marc:datafield>
   <marc:datafield ind1=" " ind2=" " tag="653">
      <marc:subfield code="a">Kinderbücher bis 11 Jahre</marc:subfield>
   </marc:datafield>
   <marc:datafield ind1="0" ind2="0" tag="245">
      <marc:subfield code="a">Das tapfere Schneiderlein - gelesen von Annette Frier - ICHHöRMAL</marc:subfield>
   </marc:datafield>
   <marc:datafield ind1="0" ind2="0" tag="245">
      <marc:subfield code="c">Brüder Grimm</marc:subfield>
   </marc:datafield>
   <marc:datafield ind1=" " ind2="1" tag="264">
      <marc:subfield code="a">Leipzig</marc:subfield>
      <marc:subfield code="b">Amor Verlag</marc:subfield>
      <marc:subfield code="c">2018</marc:subfield>
   </marc:datafield>
   <marc:datafield ind1=" " ind2=" " tag="250">
      <marc:subfield code="a">1. Auflage, ungekürzte Ausgabe</marc:subfield>
   </marc:datafield>
   <marc:datafield ind1="1" ind2=" " tag="520">
      <marc:subfield code="a">Angaben aus der Verlagsmeldung

Das tapfere Schneiderlein - gelesen von Annette Frier - ICHHöRMAL : CD mit Musik und Geräuschen, plus 16 S. Ausmalheft / von Brüder Grimm

Ein gut gelaunter Schneider gönnt sich ein Brot mit Pflaumenmus und will es nicht mit sieben Fliegen teilen. Er erschlägt die Störenfriede kurzerhand mit einem Tuch und näht sich einen Gürtel, der für Missverständnisse sorgt. „Sieben auf einen Streich“ kann bald jedermann auf seinem Bauch lesen. Nach seinem tatkräftigen Schlag hat der Schneider die Nase voll vom schlichten Schneiderleben und zieht frohgemut in die Welt. Dabei fällt nicht nur eine Horde von Riesen auf die Tricks des cleveren Burschen hinein. Er nimmt es selbst mit einem wilden Wildschwein und einem gefürchteten Einhorn auf und angelt sich so die Prinzessin. Als diese ihn seiner Herkunft wegen nicht will, muss er sie erstmal eines Besseren belehren, und am Ende ist auch sie zufrieden, einen Mann mit Köpfchen zu haben, selbst wenn er nur ein kleiner Schneider war.

Annette Frier, geboren 1974 in Köln, ist eine der bekanntesten und erfolgreichsten deutschen Schauspielerinnen. Sie ist in zahlreichen Comedyshows, Fernsehfilmen und -serien zu sehen, ebenso in Theaterproduktionen und bei Moderationen. Sie hat zahlreiche Hörbücher eingelesen, wurde mit dem Adolf-Grimme-Preis und mehrfach mit dem Dt. Comedypreis und dem Dt. Fernsehpreis ausgezeichnet. Sie ist verheiratet, Mutter der Zwillinge Josefina und Bruno und lebt mit ihrer Familie in Köln.
</marc:subfield>
   </marc:datafield>
   <marc:datafield ind1=" " ind2=" " tag="020">
      <marc:subfield code="a">9783947161225</marc:subfield>
      <marc:subfield code="9">9783947161225</marc:subfield>
   </marc:datafield>
   <marc:datafield ind1=" " ind2=" " tag="020">
      <marc:subfield code="a">3947161220</marc:subfield>
      <marc:subfield code="9">3947161220</marc:subfield>
   </marc:datafield>
   <marc:datafield ind1=" " ind2=" " tag="041">
      <marc:subfield code="a">ger</marc:subfield>
   </marc:datafield>
   <marc:datafield ind1=" " ind2=" " tag="300">
      <marc:subfield code="a">CD</marc:subfield>
   </marc:datafield>
</marc:record>
